000 00355 a2200145 4500
001 154240
040 _cEscola São Tomás de Aquino
100 _aOSBORNE, Charles
240 1 0 _aO visitante inesperado
_lpor
245 1 0 _aO visitante inesperado
362 0 _a2000
440 1 _aRecord
697 _aOUTRAS LITERATURAS (DIVERSAS LÍNGUAS)
942 _cBK
999 _c154240
_d154240